Entre el Estado conquistador y el Estado Nación: providencialismo, pensamiento político y estructuras de poder en el desarrollo histórico de Nicaragua /
El texto analiza el desarrollo histórico de Nicaragua desde la perspectiva de las estructuras de poder, el providencialismo y el pensamiento político que han influido en la configuración del Estado. Se explora cómo el país ha transitado entre un Estado conquistador y un Estado nación, identificando...
Kaydedildi:
| Yazar: | |
|---|---|
| Materyal Türü: | Kitap |
| Dil: | Spanish |
| Baskı/Yayın Bilgisi: |
Managua, Nicaragua:
IHNCA/UCA Instituto de Historia de Nicaragua y Centroamérica - Universidad Centroamericana; Fundación Friedrich Ebert en Nicaragua,
2003
|
| Konular: | |
| Etiketler: |
Etiketle
Etiket eklenmemiş, İlk siz ekleyin!
|
MARC
| LEADER | 00000nam a22000007a 4500 | ||
|---|---|---|---|
| 003 | cru CIDCACS/IIS | ||
| 005 | 20230919135549.0 | ||
| 007 | ta | ||
| 008 | 170124t2003 nq ||||| |||| 00| 0|spa d | ||
| 020 | |a 9992483458 | ||
| 040 | |c CRAI/IIS |a CRAI/IIS | ||
| 090 | |a 05.01.01 P438e | ||
| 100 | 1 | |9 1462 |a Pérez-Baltodano, Andrés | |
| 245 | 1 | |a Entre el Estado conquistador y el Estado Nación: |b providencialismo, pensamiento político y estructuras de poder en el desarrollo histórico de Nicaragua / |c Andrés Pérez Baltodano | |
| 260 | |a Managua, Nicaragua: |b IHNCA/UCA Instituto de Historia de Nicaragua y Centroamérica - Universidad Centroamericana; |b Fundación Friedrich Ebert en Nicaragua, |c 2003 | ||
| 300 | |a 866 páginas : |b fotos | ||
| 520 | 3 | |a El texto analiza el desarrollo histórico de Nicaragua desde la perspectiva de las estructuras de poder, el providencialismo y el pensamiento político que han influido en la configuración del Estado. Se explora cómo el país ha transitado entre un Estado conquistador y un Estado nación, identificando los factores que han moldeado su evolución política y social. Se discute cómo las creencias providencialistas han influido en la forma en que se ha concebido el poder y la autoridad a lo largo de la historia, y cómo esto ha afectado la construcción de una identidad nacional y la configuración del Estado. El análisis busca comprender las dinámicas históricas y las tensiones entre el pasado colonial y la formación de un Estado moderno en Nicaragua. RAR 07/2023 | |
| 650 | 0 | 0 | |2 OCDE |9 243 |a ESTADO |
| 650 | 0 | 0 | |2 OCDE |9 11638 |a DINAMICAS DE PODER |
| 650 | 0 | 0 | |2 OCDE |9 5778 |a PENSAMIENTO POLITICO |
| 650 | 0 | 0 | |2 OCDE |9 4619 |a IDENTIDAD NACIONAL |
| 650 | 0 | 4 | |2 OCDE |9 1959 |a ANALISIS HISTORICO |
| 650 | 0 | 0 | |2 OCDE |9 3691 |a POLITICA |
| 650 | 0 | 0 | |2 UNESCO |9 4465 |a IDENTIDAD CULTURAL |
| 651 | 0 | |2 OCDE |9 1861 |a NICARAGUA | |
| 942 | |2 ddc |c LI | ||
| 999 | |c 18819 |d 18819 | ||



